Kliknij państwo z Afryki - Statystyki

Ogólne statystyki
  • Ten quiz został rozwiązany 528 razy
  • Średni wynik to 16 z 54
Odpowiedzi na mapie
Odpowiedzi zakodowano w zielono-czerwonej skali na mapie do tego quizu, zgodnie z poniższymi procentami.
 
Statystyki odpowiedzi
Odpowiedź % Poprawnych
Egipt
40%
Algieria
37%
Senegal
37%
Czad
35%
Maroko
35%
Somalia
35%
Tunezja
34%
Erytrea
33%
Etiopia
33%
Republika
Południowej Afryki
33%
Sudan
33%
Mali
32%
Nigeria
32%
Republika
Środkowoafrykańska
32%
Republika
Zielonego Przylądka
32%
Rwanda
32%
Uganda
32%
Gwinea
Równikowa
31%
Madagaskar
31%
Namibia
31%
Botswana
30%
Demokratyczna
Republika Konga
30%
Kenia
30%
Libia
30%
Malawi
30%
Angola
29%
Benin
29%
Burkina Faso
29%
Kongo
29%
Mauretania
29%
Mauritius
29%
Mozambik
29%
Wybrzeże Kości
Słoniowej
29%
Ghana
28%
Gwinea
28%
Niger
28%
Seszele
28%
Eswatini
27%
Sierra Leone
27%
Tanzania
27%
Dżibuti
26%
Kamerun
26%
Gambia
25%
Lesotho
25%
Liberia
25%
Zimbabwe
25%
Burundi
24%
Togo
24%
Wyspy Świętego
Tomasza i Książeca
24%
Sudan Południowy
23%
Gabon
22%
Gwinea-Bissau
22%
Komory
22%
Zambia
21%
Nie znaleziono quizów pasujących do podanych kryteriów
Rozkład punktacji
Procent ludzi z każdym wynikiem
Percentyl według liczby udzielonych odpowiedzi
Twoja historia wyników
Nie rozwiązałeś tego quizu